书目信息 |
| 题名: |
中华通鉴
|
|
| 作者: | 吴江雄 编撰 | |
| 分册: | 下卷 | |
| 出版信息: | 南宁 广西民族出版社 1996.5 |
|
| 页数: | 466页 | |
| 开本: | 20cm | |
| 丛书名: | ||
| 单 册: | ||
| 中图分类: | K204 , I206 | |
| 科图分类: | ||
| 主题词: | 著作--评论--中国 , 文学--中国 | |
| 电子资源: | ||
| ISBN: | 7-5363-3159-2 | |
| 000 | 00785nam0 2200241 450 | |
| 001 | 1562007537 | |
| 005 | 20150125171512.31 | |
| 010 | @a7-5363-3159-2@dCNY19.75 | |
| 100 | @a19970714d1996 em0110hiy0110 ea | |
| 101 | 0 | @achi |
| 102 | @aCN@b450100 | |
| 105 | @af z 000yy | |
| 200 | 1 | @a中华通鉴@9Wu Jiang Xiong Bian Zhuan@9Ying Xiang Li Shi De Yi Bai Pian Ming Zuo@9Zhong Hua Tong Jian@e影响历史的一百篇名作@h下卷@f吴江雄编撰 |
| 210 | @a南宁@c广西民族出版社@d1996.5 | |
| 215 | @a466页@c照片@d20cm | |
| 517 | 1 | @a影响历史的一百篇名作@9Ying Xiang Li Shi De Yi Bai Pian Ming Zuo |
| 606 | 0 | @a著作@x评论@y中国 |
| 606 | 0 | @a文学@x中国 |
| 690 | @aK204@v5 | |
| 690 | @aI206@v4 | |
| 701 | 0 | @a吴江雄@9Wu Jiang Xiong@4编撰 |
| 801 | 0 | @aCN@bTSSF@c20150125 |
| 905 | @aZUCC@dI206@eJY58 | |
| 中华通鉴:影响历史的一百篇名作.下卷/吴江雄编撰.-南宁:广西民族出版社,1996.5 |
| 466页:照片;20cm |
| ISBN 7-5363-3159-2:CNY19.75 |
| ● |
| 相关链接 |
|
|
|
|
正题名:中华通鉴
索取号:I206/JY58
 
预约/预借
| 序号 | 登录号 | 条形码 | 馆藏地/架位号 | 状态 | 备注 |
| 1 | 7854259 | 278542597 | 学院路分馆/ [索取号:I206/JY58] | 在馆 | |
| 2 | 7854260 | 278542604 | 学院路分馆/ [索取号:I206/JY58] | 在馆 | |
| 3 | 7854261 | 278542613 | 学院路分馆/ [索取号:I206/JY58] | 在馆 | |
| 4 | 7854262 | 278542622 | 学院路分馆/ [索取号:I206/JY58] | 在馆 |